00811cam a2200217 a 4500020003600000020003500036040000800071082002600079100002600105245003200131250001200163260006000175300002600235650001500261650001400276856006600290856006600356942000700422999001700429952014700446 a0299158101 (cloth : alk. paper) a0299158144 (pbk. : alk. paper) cDLC00a330 UNI 1998 A075 Or.1 aMcCloskey, Deirdre N.14aThe rhetoric of economics / a2nd ed. aMadison, Wis. :bUniversity of Wisconsin Press,cc1998. axxi, 223 p. ;c24 cm. 0aEconomics. 0aRhetoric.42uhttp://www.loc.gov/catdir/enhancements/fy0666/97037740-b.html42uhttp://www.loc.gov/catdir/enhancements/fy0666/97037740-d.html cEK c15265d15265 0010406330_000000000000000_UNI_1998_A075_OR70968146aLBAbLBAcA075d2017-11-14o330 UNI 1998 A075 Or.pA06363r2017-11-14w2017-11-14yEK